00378nam a2200121Ia 4500008004000000020001800040082001500058100002600073245007400099260005200173300001200225650001900237210210b1995 xxu||||| |||| 00| 0 eng d a81 207 1723 6 a428.2 MOHS aMOHANRAJ (Jayashree). aSpoken-conversational english: a source book for teachers of english. aNew Delhi.bSterling Publishers Pvt Ltd.,c1995 axii,100 aConversation